000 00569nam a2200217Ia 4500
003 OSt
005 20221007082507.0
006 a|||||r|||| 00| 0
007 ta
008 221006b |||||||| |||| 00| 0 eng d
024 _a21,054
037 _cTextual
040 _aFLL
_cFLL
_beng
041 _2eng
_aeng
082 _aX625.Z.N5, M6
100 _aDhankhar J.N.
245 0 _aTreatise on merchant banking
_b project approval and financing
260 _c1986
942 _hX625.Z.N5, M6
_cTEXL
_2CC
999 _c1166618
_d1166618